Word magic : tested answers to 100 everyday situations /

Bibliographic Details
Main Author: Wheeler, Elmer, (Author)
Format: eBook
Language:English
Published: [Place of publication not identified] : Pickle Partners Publishing, [2016]
Subjects:
Online Access:Click to View
LEADER 01354nam a2200361 i 4500
001 EBC4808390
003 MiAaPQ
005 20200520144314.0
006 m o d |
007 cr cnu||||||||
008 190123s2016 xx o 000 0 eng d
020 |a 9781787202177  |q (electronic bk.) 
035 |a (MiAaPQ)EBC4808390 
035 |a (Au-PeEL)EBL4808390 
035 |a (CaPaEBR)ebr11349648 
035 |a (OCoLC)974590406 
040 |a MiAaPQ  |b eng  |e rda  |e pn  |c MiAaPQ  |d MiAaPQ 
050 4 |a BF636  |b .W444 2016 
082 0 |a 158  |2 23 
100 1 |a Wheeler, Elmer,  |e author. 
245 1 0 |a Word magic :  |b tested answers to 100 everyday situations /  |c by Elmer Wheeler. 
264 1 |a [Place of publication not identified] :  |b Pickle Partners Publishing,  |c [2016] 
264 4 |c 2016 
300 |a 1 online resource (228 pages) 
336 |a text  |b txt  |2 rdacontent 
337 |a computer  |b c  |2 rdamedia 
338 |a online resource  |b cr  |2 rdacarrier 
588 |a Description based on print version record. 
590 |a Electronic reproduction. Ann Arbor, MI : ProQuest, 2018. Available via World Wide Web. Access may be limited to ProQuest affiliated libraries. 
650 0 |a Psychology, Applied. 
655 4 |a Electronic books. 
797 2 |a ProQuest (Firm) 
856 4 0 |u https://ebookcentral.proquest.com/lib/matrademy/detail.action?docID=4808390  |z Click to View